000
00233nam a2200097Ia 4500
001
725680
005
20250826163414.0
008
250824s9999 xx 000 0 und d
245
0
_a
KÜÇÜK PRENS
_c
ANTOINE DE SAINT-EXUPERY
260
_b
A
999
_c
725680
_d
725680